000
00341 a2200157 4500
001
61873
020
_a
9780194248884
040
_c
Anchieta - Pituba
100
_a
Hannam, Joyce
240
1
0
_a
Ariadne's story
_l
eng
245
1
0
_a
Ariadne's story
300
_a
65
362
0
_a
2010
650
4
_a
Literatura juvenil em inglês
942
_c
BK
999
_c
61873
_d
61873